000
00293nam a2200109Ia 4500
008
220204s9999 xx 000 0 und d
082
_a
621.181:54
_b
FRA
100
_a
Francis, Wilfred
245
0
_a
Boiler house and power station chemistry
260
_a
London
_b
Edward Arnold
_c
1962
942
_c
BK
999
_c
25012
_d
25012